00633nam a2200205 a 450000100060000000300080000600500170001400800410003103500190007204000260009104100080011708200220012510000240014724500700017125000120024126000670025330000350032050400500035565000220040545996BD-RjUL20211209054108.0161207s1978 nyua b 001 0 eng d a(BD-RjUL)46114 aBD-RjULbengcBD-RjUL aeng 223a302bHOP 19781 aHollander, Edwin P.10aPrinciples and methods of social psychology /cEdwin P. Hollander a3rd ed. aNew York :bOxford University Press,c1976,[2nd printing 1978] axxiii, 612 p. :bill. ;c23 cm aIncludes Bibliographical References and Index 0aSocial psychology